000 00985nam a22002537a 4500
001 806
005 20230710105631.0
008 230710b cb ||||| |||| 00| 0 eng d
020 _a9780439689854
040 _aFISKH
_beng
_cFISKH
_dFISKH
050 _a636.8
082 _aSF445.7
100 _aMilbourne, Anna.
245 _aCats /
_cauditor: Milbourne, Anna ; illustrated by Donaera, Patrizia adn Fox Christyan
260 _aNew York:
_bScholastic,
_c2003.
300 _a32 pages:
_bcolor illustrations,
_c21 cm.
505 _aJ
520 _aIn this book you'll find the answers and learn lots more about the curious world of cats.Cats is part of an exciting series of books for children who are beginning to read on their own. The easy to read text has been specifically written with the help of a reading expert.
521 _a510
_bLexile
521 _aJ
_bRaz-Plus
650 _azoology
_vpets
_xscience
650 _anature
_vkittens
942 _2ddc
_cBK
_n0
999 _c806
_d806